Maritime Container Port Security (Record no. 26870)
[ view plain ]
| 000 -LEADER | |
|---|---|
| fixed length control field | 02233nam a22003735i 4500 |
| 006 - FIXED-LENGTH DATA ELEMENTS--ADDITIONAL MATERIAL CHARACTERISTICS--GENERAL INFORMATION | |
| fixed length control field | a|||||o|||| 00| 0 |
| 007 - PHYSICAL DESCRIPTION FIXED FIELD--GENERAL INFORMATION | |
| fixed length control field | cr nn 008mamaa |
| 008 - FIXED-LENGTH DATA ELEMENTS--GENERAL INFORMATION | |
| fixed length control field | 190201s2019 sz | s |||| 0|eng d |
| 020 ## - INTERNATIONAL STANDARD BOOK NUMBER | |
| International Standard Book Number | 9783030038250 |
| Qualifying information (R) | Online Resource |
| 072 #7 - SUBJECT CATEGORY CODE | |
| Subject category code | KJMV9 |
| Source | bicssc |
| Subject category code | BUS087000 |
| Source | bisacsh |
| Subject category code | KJMV9 |
| Source | thema |
| 082 04 - DEWEY DECIMAL CLASSIFICATION NUMBER | |
| Classification number | 658.7 |
| Edition number | 23 |
| 100 1# - MAIN ENTRY--PERSONAL NAME | |
| Personal name | Zhang, Xufan. |
| 245 10 - TITLE STATEMENT | |
| Title | Maritime Container Port Security |
| Medium | [electronic resource] : |
| Remainder of title | USA and European Perspectives / |
| 250 ## - EDITION STATEMENT | |
| Edition statement | 1st ed. 2019. |
| 260 ## - PUBLICATION, DISTRIBUTION, ETC. (IMPRINT) | |
| Place of publication, distribution, etc | London |
| Name of publisher, distributor, etc | Springer |
| Date of publication, distribution, etc | 2019 |
| 300 ## - PHYSICAL DESCRIPTION | |
| Extent | XIX, 282 p. 8 illus., 3 illus. in color. |
| Other physical details | online resource. |
| 505 0# - FORMATTED CONTENTS NOTE | |
| Formatted contents note | Introduction -- Maritime Security Measures and the Container Security Initiative (CSI) -- Port Competition -- Models of Container Port Security -- Research Methodology for Container Port Security -- The Delphi Research Process -- The Delphi Results -- The Implications for Container Port Security -- Maritime Governance, Security Measures and Port -- Competition in the EU -- Conclusions for Container Port Security. |
| 520 ## - SUMMARY, ETC. | |
| Summary, etc | Placing special emphasis on the significant security issues associated with modern container international transport, this book provides in-depth exploration on both the US and European Union port and shipping policy, and that of wider international trade. The authors take an original and topical look at the security initiatives introduced by the USA and their impact in the EU. Based on original research by renowned experts in the field, this book provides vital insight for academics, government policy-makers and practitioners. |
| 650 #0 - SUBJECT ADDED ENTRY--TOPICAL TERM | |
| Topical term or geographic name as entry element | Business logistics. |
| Topical term or geographic name as entry element | Shipping. |
| Topical term or geographic name as entry element | Logistics. |
| Topical term or geographic name as entry element | Maritime Economics. |
| 700 1# - ADDED ENTRY--PERSONAL NAME | |
| Personal name | Roe, Michael. |
| Relator term | author. |
| Relator code | aut |
| -- | http://id.loc.gov/vocabulary/relators/aut |
| 710 2# - ADDED ENTRY--CORPORATE NAME | |
| Corporate name or jurisdiction name as entry element | SpringerLink (Online service) |
| 773 0# - HOST ITEM ENTRY | |
| Title | Springer Nature eBook |
| 776 08 - ADDITIONAL PHYSICAL FORM ENTRY | |
| Display text | Printed edition: |
| International Standard Book Number | 9783030038243 |
| Display text | Printed edition: |
| International Standard Book Number | 9783030038267 |
| 856 40 - ELECTRONIC LOCATION AND ACCESS | |
| Uniform Resource Identifier | <a href="https://doi.org/10.1007/978-3-030-03825-0">https://doi.org/10.1007/978-3-030-03825-0</a> |
| 942 ## - ADDED ENTRY ELEMENTS (KOHA) | |
| Source of classification or shelving scheme | |
| Item type | E-Book |
| 950 ## - LOCAL HOLDINGS (RLIN) | |
| Classification number, LCAL (RLIN) | Business and Management (SpringerNature-41169) |
| Classification number, LCAL (RLIN) | Business and Management (R0) (SpringerNature-43719) |
No items available.